Countries that start with A - Statistics

General Stats
  • This quiz has been taken 27 times
  • The average score is 7 of 11
Answer Stats
Hint Answer % Correct
aa Andorra
88%
a Armenia
83%
a Australia
83%
a Afghanistan
75%
a Albania
75%
a Algeria
71%
a Angola
67%
a Argentina
67%
a Austria
67%
a Azerbijan
21%
a Antigua an Barbua
0%
No matching quizzes found
Score Distribution
Percent of People with Each Score
Percentile by Number Answered
Your Score History
You have not taken this quiz